Investiční rozhodování při změně technologie

Inovácia technológie ako jeden z najdôležitejších úloh manažmentu, pretože ovplyvňuje výrobu a ekonomické výsledky podniku. Postup a pravidlá investičného rozhodovania:1. Definovanie problému starej technológie 2. Definovanie cieľov investície 3. Definovanie kritérií pre hodnotenie variant 4. Ident...

Descrizione completa

Salvato in:
Dettagli Bibliografici
Autore principale: Jemala, Marek
Natura: Capitolo di libro
Lingua:ceco
Soggetti:
Tags: Aggiungi Tag
Nessun Tag, puoi essere il primo ad aggiungerne!!

MARC

LEADER 00000naa$a2200000$$$4500
001 0041442
005 20240502083124.7
041 0 |a cze 
044 |a CZ 
245 1 0 |a Investiční rozhodování při změně technologie  |c Marek Jemala 
520 |a Inovácia technológie ako jeden z najdôležitejších úloh manažmentu, pretože ovplyvňuje výrobu a ekonomické výsledky podniku. Postup a pravidlá investičného rozhodovania:1. Definovanie problému starej technológie 2. Definovanie cieľov investície 3. Definovanie kritérií pre hodnotenie variant 4. Identifikovanie rozsahu technologických možností 5. Hodnotenie a výber najlepšej varianty 6. Prezentovanie získaných výsledkov a súhlas vedenia 7. Implementácia, monitoring a hodnotenie novej technológie 
610 2 0 |a investície 
610 2 0 |a investície finančné 
610 2 0 |a technológia 
610 2 0 |a inovácia 
610 2 0 |a stratégia podniková 
610 2 0 |a rozhodovanie investičné 
610 2 0 |a náklady 
610 2 0 |a zisk 
610 2 0 |a výhody komparatívne 
100 1 |a Jemala, Marek